| 000 | 00427nam a2200157Ia 4500 | ||
|---|---|---|---|
| 008 | 151021s9999 xx 000 0 und d | ||
| 020 | _a771207192 | ||
| 050 | _aLB 1027.44.B37 2003 | ||
| 245 | _a_Developing more curious minds John,Barell | ||
| 260 | _aUSA ASCD 2003 | ||
| 300 | _ax,244p. | ||
| 500 | _aInclude index | ||
| 500 | _aInclude index | ||
| 650 | _a_Critical thinking | ||
| 980 | _a^d20120827 01:14:01^oanne | ||
| 999 |
_c12508 _d12508 |
||